Central Library OPAC University of Rajshahi

শৈবাল বিচিত্রা / (Record no. 47466)

MARC details
000 -LEADER
fixed length control field 00902nam a2200241 a 4500
001 - CONTROL NUMBER
control field 47466
003 - CONTROL NUMBER IDENTIFIER
rucl marc code BD-RjUL
005 - DATE AND TIME OF LATEST TRANSACTION
control field 20211209054324.0
008 - FIXED-LENGTH DATA ELEMENTS--GENERAL INFORMATION
fixed length control field 160808s2000 B a|||| |b|| 00| 0 ben d
020 ## - INTERNATIONAL STANDARD BOOK NUMBER
International Standard Book Number 9843110102
Terms of availability : TK 150.00
035 ## - SYSTEM CONTROL NUMBER
System control number (BD-RjUL)47585
040 ## - CATALOGING SOURCE
Original cataloging agency BD-RjUL
Language of cataloging ben
Transcribing agency BD-RjUL
041 ## - LANGUAGE CODE
Language code of text/sound track or separate title ben
082 ## - DEWEY DECIMAL CLASSIFICATION NUMBER
Edition number 23
Classification number 588.2
Author mark and year JAS 2000
100 1# - MAIN ENTRY--PERSONAL NAME
Personal name জামান, এম
9 (RLIN) 144343
245 20 - TITLE STATEMENT
Title শৈবাল বিচিত্রা /
Statement of responsibility, etc. এম. জামান, এবং সাবরিনা নাজ
260 ## - PUBLICATION, DISTRIBUTION, ETC. (IMPRINT)
Place of publication, distribution, etc. রাজশাহী :
Name of publisher, distributor, etc. সৃজন প্রকাশনী,
Date of publication, distribution, etc. ২০০০
300 ## - PHYSICAL DESCRIPTION
Pagination [৮], ২১৭ পৃ. :
Illustrations চিত্র ;
Size ২৩ সেমি.
650 ## - SUBJECT ADDED ENTRY--TOPICAL TERM
General subdivision শ্রেনীবিভাগ
9 (RLIN) 144344
Topical term or geographic name as entry element শৈবাল
Topical term or geographic name as entry element Moss
General subdivision Classifications
9 (RLIN) 144345
700 ## - ADDED ENTRY--PERSONAL NAME
Personal name নাজ, সাবরিনা
942 ## - ADDED ENTRY ELEMENTS (KOHA)
Source of classification or shelving scheme Dewey Decimal Classification
Koha item type Books
Holdings
Lost status Source of classification or shelving scheme Damaged status Not for loan Collection code Permanent Location Current Location Shelving location Date acquired Source of acquisition Cost, normal purchase price Total Checkouts Full call number Date last seen Copy number Koha item type Date checked out
  Dewey Decimal Classification     Non-fiction Central Library, University of Rajshahi Central Library, University of Rajshahi   13/03/2005 Author 150.00   B 588.2 JAS 2000 08/08/2016 C-2 Books  
  Dewey Decimal Classification     Non-fiction Central Library, University of Rajshahi Central Library, University of Rajshahi   13/03/2005 Author 150.00   B 588.2 JAS 2000 08/08/2016 C-3 Books  
  Dewey Decimal Classification     Non-fiction Central Library, University of Rajshahi Central Library, University of Rajshahi   13/03/2005 Author 150.00   B 588.2 JAS 2000 08/08/2016 C-4 Books  
  Dewey Decimal Classification     Non-fiction Central Library, University of Rajshahi Central Library, University of Rajshahi   13/03/2005 Author 150.00   B 588.2 JAS 2000 08/08/2016 C-5 Books  
  Dewey Decimal Classification     Non-fiction Central Library, University of Rajshahi Central Library, University of Rajshahi   13/03/2005 Author 150.00   B 588.2 JAS 2000 08/08/2016 C-6 Books  
  Dewey Decimal Classification     Non-fiction Central Library, University of Rajshahi Central Library, University of Rajshahi   13/03/2005 Author 150.00   B 588.2 JAS 2000 08/08/2016 C-7 Books  
  Dewey Decimal Classification     Non-fiction Central Library, University of Rajshahi Central Library, University of Rajshahi   13/03/2005 Author 150.00   B 588.2 JAS 2000 08/08/2016 C-8 Books  
  Dewey Decimal Classification     Non-fiction Central Library, University of Rajshahi Central Library, University of Rajshahi     Author. 150.00   B 588.2 JAS 2000 22/11/2016 C-9 Books  
  Dewey Decimal Classification   Not For Loan Non-fiction Central Library, University of Rajshahi Central Library, University of Rajshahi Reading Room 13/03/2005 Author 150.00   B 588.2 JAS 2000 20/04/2017 C-1 Books  
  Dewey Decimal Classification     Non-fiction Central Library, University of Rajshahi Central Library, University of Rajshahi   13/03/2005 Author 150.00 1 B 588.2 JAS 2000 17/10/2017 C-10 Books 08/10/2017